| 000 | 00432nam a22001817a 4500 | ||
|---|---|---|---|
| 003 | MPLRDC | ||
| 005 | 20220104114535.0 | ||
| 008 | 210129b ||||| |||| 00| 0 eng d | ||
| 020 | _a7-80015-096-8 | ||
| 082 | _a855 JX | ||
| 100 | _a纪学著 | ||
| 245 |
_a红纱巾下比基尼 _c |
||
| 250 | _a一版一刷 | ||
| 260 |
_a _b长江出版社 _c1989 |
||
| 300 | _b平 | ||
| 650 | _a散文;随笔、日记 | ||
| 942 |
_cBK _o855 JX |
||
| 999 |
_c8272 _d8262 |
||